[Event "Sochi Amateur op 6th"]
[Site "Sochi"]
[Date "2019.04.10"]
[Round "6"]
[White "Petyakov, Emir"]
[Black "Mhitarjan, Samvel"]
[Result "0-1"]
[WhiteElo "1362"]
[BlackElo "1768"]
[PlyCount "68"]
[EventDate "2019.04.07"]
[EventType "swiss"]
[EventRounds "9"]
[EventCountry "RUS"]
[SourceTitle "CBM 189 Extra"]
[Source "ChessBase"]
[SourceDate "2019.06.03"]
[SourceVersion "1"]
[SourceVersionDate "2019.06.03"]
[SourceQuality "1"]

1. d4 d5 2. Bg5 Nd7 3. Nd2 Ngf6 4. e3 e6 5. Ngf3 Be7 6. c4 c6 7. Bd3 0-0 8. 0-0 c5 9. cxd5 Nxd5 10. Bxe7 Qxe7 11. Rc1 b6 12. e4 Nf4 13. Bb1 Bb7 14. Re1 cxd4 15. Nxd4 Rfd8 16. Rc7 Qg5 17. Qf3 Ba6 18. Qg3 Qe5 19. Qc3 Nc5 20. Rxc5 Qxc5 21. Qxc5 bxc5 22. N4f3 Bd3 23. g3 Bxb1 24. Rxb1 Nh3+ 25. Kg2 Ng5 26. Nxg5 Rxd2 27. Nf3 Re2 28. e5 Rb8 29. b4 cxb4 30. a3 a5 31. Nd4 Ra2 32. axb4 Rxb4 33. Rc1 Rb8 34. Nc6 Ra8 0-1